Loreto College Library, Kolkata
WEBOPAC (ONLINE PUBLIC ACCESS CATALOGUE)

A great clamour (Record no. 39091)

MARC details
000 -LEADER
fixed length control field 00511nam a22001937a 4500
005 - DATE AND TIME OF LATEST TRANSACTION
control field 20140313143151.0
008 - FIXED-LENGTH DATA ELEMENTS--GENERAL INFORMATION
fixed length control field 140313b xxu||||| |||| 00| 0 eng d
020 ## - ISBN | অাই এস বি এন
ISBN | অাই এস বি এন 9780670086887
PRICE 499.00
040 ## - CATALOGING SOURCE
Original cataloging agency Loreto College
041 ## - LANGUAGE CODE
Language code English
082 ## - DDC | ডিউই
Classification number | বর্গসংখ্যা 951
Book Number | গ্রন্থাঙ্ক MIS
100 ## - MAIN ENTRY--PERSONAL NAME | মুখ্য সংলেখ - ব্যাক্তিনাম
Personal name | ব্যাক্তিনাম Mishra, Pankaj
245 ## - TITLE STATEMENT | অাখ্যা বিবরণী
Title | অাখ্যা A great clamour
Sub title | উপঅাখ্যা Encounters with China and its neighbours
Statement of responsibility | লেখকের দায়িত্বের বিবরণ Pankaj Mishra
260 ## - IMPRINT | প্রকাশনা ক্ষেত্র
Place of publication | প্রকাশ স্থান London
Name of publisher | প্রকাশকের নাম Penguin
Date of publication | প্রকাশ কাল 2013
300 ## - PHYSICAL DESCRIPTION |
Page / Vol. No | পৃষ্ঠা / খন্ড সংখ্যা xxii, 325p.
Other physical details | অনান্য বাহ্যিক বিবরণ 22cm.
650 ## - SUBJECT ADDED ENTRY--TOPICAL TERM | বিষয় শিরোনাম - মূল বিষয়
Topical term | মূল বিষয় China
850 ## - HOLDING INSTITUTION
Holding institution LCLIB
942 ## - ADDED ENTRY ELEMENTS (KOHA)
Koha item type Books
Holdings
Withdrawn status Lost status Source of classification Damaged status Not for loan Home library Current library Date acquired Total Checkouts Full call number Accession No. Date last seen Price effective from Koha item type
    Dewey Decimal Classification     Loreto College Loreto College 13/03/2014   951 MIS 50583 42503 13/03/2014 13/03/2014 Books